Statistics for Can't Stop Lyrics

Click here to take the quiz!

General Stats

  • This quiz has been taken 84 times
  • The average score is 204 of 384

Answer Stats

Text% Correct
Can
100%
Can't
100%
can't
100%
stop,
100%
stop
100%
the
97%
The
97%
a
93%
I
93%
To
93%
to
93%
addicted
86%
Go
86%
when
86%
I'm
83%
of
79%
win
79%
you
79%
you?
79%
you,
79%
big
76%
for
76%
gonna
76%
he
76%
life
76%
In
72%
in
72%
it
72%
it's
72%
shindig
72%
no
69%
be
66%
me
66%
says
66%
This
66%
is
62%
J.
62%
not
62%
top,
62%
Choose
59%
drop
59%
Ever
59%
ever
59%
love
59%
love,
59%
time
59%
time,
59%
imitation
55%
more
55%
on
55%
than
55%
that
55%
your
55%
Your
55%
All
52%
all
52%
Chop
52%
Feel
52%
if
52%
need
52%
So
52%
so
52%
they
52%
wave,
52%
wave
52%
world
52%
come
48%
Come
48%
do
48%
End
48%
Just
48%
just
48%
part
48%
reservation
48%
some
48%
belly
45%
cousin
45%
Distant
45%
East
45%
know,
45%
know
45%
tears
45%
tell
45%
want
45%
West
45%
with
45%
wonder
45%
and
41%
best
41%
feeling
41%
friend
41%
hop
41%
out,
41%
pay
41%
Side
41%
stay
41%
trains
41%
any
38%
but
38%
get
38%
living
38%
my
38%
or
38%
pistol
38%
spirits
38%
as
34%
back
34%
dancers
34%
don't
34%
Don't
34%
fifty
34%
great
34%
like
34%
Use
34%
what
34%
communicator
31%
every
31%
make
31%
Music
31%
strong
31%
truth
31%
two
31%
two,
31%
ask
28%
Burn
28%
die,
28%
Far
28%
from
28%
her
28%
knew
28%
meant
28%
message
28%
read-through
28%
snow
28%
sticks
28%
these?
28%
three
28%
bright
24%
close
24%
cone
24%
even
24%
Knocked
24%
leading
24%
lose
24%
maybe
24%
nature
24%
one
24%
ordinary
24%
ozone
24%
passing
24%
punk
24%
smart
24%
space
24%
White
24%
why
24%
write
24%
answers
21%
anything
21%
better
21%
blow
21%
Complete
21%
dust
21%
everything
21%
gender
21%
generation
21%
hands
21%
heat
21%
How
21%
I'll
21%
jungle
21%
minute,
21%
motion
21%
pavement
21%
reasons
21%
Right
21%
screaming
21%
she's
21%
shocking
21%
somebody
21%
steering
21%
Ten
21%
Wait
21%
you're
21%
about
17%
bebop
17%
bleeding
17%
boy,
17%
cue
17%
dictionary
17%
image
17%
nation
17%
new
17%
penetration
17%
Smoke
17%
stumble
17%
Sweet
17%
are
14%
chapter's
14%
Defunkt
14%
gods
14%
into
14%
rings
14%
teach
14%
birth
10%
Butterfly
10%
engineering
10%
feed
10%
happy
10%
interfering
10%
meaning
10%
meditation
10%
other
10%
Pleiades
10%
spaceship
10%
Sweetheart
10%
tops
10%
generator
7%
going
7%
gold
7%
golden
7%
intimidate
7%
Kick-start
7%
Mop
7%
persevering
7%
talk
7%
treetop
7%
Birds
3%
weight,
3%
Worth
3%

Score Distribution

Percentile by Number Answered

Percent of People with Each Score

Your Score History

You have not taken this quiz